000 01563nam a22003977a 4500
003 CHAP
005 20220329143253.0
008 071120d2007 mx r 00110 spa d
010 _a94225
011 _a95197
035 _a105808
040 _cCHAP
090 _aTesis
100 1 _aTafoya Orihuela, Cristina
_9111339
245 1 4 _aCepas nativas de Metarhizium anisopliae (Mestchnicoff) Sorokin con potencial en el control biológico de gallina ciega (Coleoptera: Scarabaeidae)
_c/por Cristina Tafoya Orihuela
260 _aCocula, Gro. :
_bEl autor,
_c2007
300 _a87 h. :
_bilus. ; grárfs. ; cuadros ; mapas
502 _aTesis (Ing. Agr. Fitotecnista ) -- Colegio superior Agropecuario del Estado de Guerrero. Centro de Estudios Profesionales
590 _aALEPH
_b10
_c20130110
_lUCH01
_h1521
590 _aBATCH-UPD
_b10
_c20130110
_lUCH01
_h1316
590 _aBATCH-UPD
_b10
_c20130410
_lUCH01
_h0828
590 _aBATCH-UPD
_b10
_c20130914
_lUCH01
_h1046
590 _aCONVERSION
_b10
_c20130109
_lUCH01
_h1352
650 1 4 _aControl biológico de hongos.
_927580
650 1 4 _aEsporas.
_938131
650 1 4 _aHongos en suelos.
_956130
650 1 4 _aMaíz
_xEnfermedades por hongos.
_970941
650 1 4 _aMaíz
_xPlagas.
_971034
650 1 4 _aMetarrhizium anisopliae.
_975177
650 1 4 _aPhyllophaga crinita.
_987882
901 _aBK
905 _aElisama A. H.
942 _cFOLL
949 _aTesis
_bBC
_cTES
_d33724002043660
_eTS1
_gDonaciØn
_h47254
_i105808
_sb
949 _aTesis
_bBC
_cTES
_d33724002068488
_eTS2
_fc.2
_gDonaciØn
_h48419
_i105808
_sb
999 _c94225
_d94225